000 00422pab a2200157 454500
008 180718b2015 xxu||||| |||| 00| 0 eng d
100 _aDwivedi, Brajesh K.
245 _aSustainability: the concept and its economic approach
260 _c2015
300 _ap.175-187.
362 _aJul
650 _aSustainable development
700 _aTriphati, G. C.
773 _aIndian Journal of Economics
909 _a110689
999 _c110684
_d110684